000 01509nam a22003497a 4500
003 CHAP
005 20220329135820.0
008 971013s1959 r 00010 d
010 _a42737
011 _a43709
035 _a47846
040 _cCHAP
082 _a631.6
_bE83
110 _aE.U.A. Soil Conservation Service
_934964
245 _aDrainage
260 _aWashington :
_bThe Service,
_c1959-
300 _a12 v.
_b: ilus.
490 _aNational Engineering handbook section
_v; 16
500 _aLa biblioteca tiene: v.1 Principles of draninage.-- v.2 Drainage survey, investigations and reports.-- v.3 Subsurface drainage of irrigated land in arid and semi-arid areas.--v.4 Subsurface drainage in humid areas.--v.5 Tile systems and appurtenances.--
590 _aBATCH-UPD
_b10
_c20130110
_lUCH01
_h1423
590 _aCONVERSION
_b10
_c20130109
_lUCH01
_h1324
650 1 4 _aDrenaje.
_934190
830 0 _aNational Engineering handbook section
_v; 16
_980343
901 _aBK
942 _cLIBRO
949 _a631.6 E83
_bBC
_cLIBRO
_d33724000165833
_eLIBRO
_fv.1 c.2
_h21781
_i47846
_si
949 _a631.6 E83
_bBC
_cLIBRO
_d33724000165841
_eLIBRO
_fv.1
_h21782
_i47846
_si
949 _a631.6 E83
_bBC
_cLIBRO
_d33724000165858
_eLIBRO
_fv.2
_h21783
_i47846
_si
949 _a631.6 E83
_bBC
_cLIBRO
_d33724000165866
_eLIBRO
_fv.3
_h21784
_i47846
_si
949 _a631.6 E83
_bBC
_cLIBRO
_d33724000165874
_eLIBRO
_fv.4-5
_h21785
_i47846
_si
949 _a631.6 E83
_bBC
_cLIBRO
_d33724000165890
_eLIBRO
_fv.10-12
_h21786
_i47846
_si
999 _c42737
_d42737